| 000 | 00655nam a22001817a 4500 | ||
|---|---|---|---|
| 008 | 230728b |||||||| |||| 00| 0 eng d | ||
| 020 | _a9781942306191 | ||
| 020 | _a1942306199 | ||
| 020 | _a1942306199 | ||
| 050 |
_aBR115 .P8 _bS53 2015 |
||
| 100 | _aBolz, Shawn | ||
| 245 |
_aTranslating God : _b hearing God's voice for yourself and the world around you/ |
||
| 260 |
_a [Place of publication not identified], _bICreate Productions ; NewType, Glendale, CA, _c2015 |
||
| 300 |
_a172 pages ; _c23 cm |
||
| 650 | _aGod (Christianity) Love | ||
| 650 |
_aProphecy _xChristianity _yRevelation |
||
| 942 |
_2lcc _hBR115 .P8S53 2015 _cBOOKS |
||
| 999 |
_c31779 _d31779 |
||